000 00921nam a2200241 a 4500
001 71618
003 BD-RjUL
005 20211209082133.0
008 170506s1986 bg ||||| |||| 00| 0 ben d
020 _c :Tk.70.00
035 _a(BD-RjUL)71834
040 _aBD-RjUL
_bben
_cBD-RjUL
041 _aben
082 _223
_a324.2092
_bABN 1986
100 1 _aআবদুল্লাহ, মুহাম্মদ
_9118504
245 1 0 _aনওয়াব সলীমুল্লাহ :
_bজীবন ও কর্ম /
_cমুহাম্মদ আবদুল্লাহ
260 _aঢাকা :
_bইসলামিক ফাউন্ডেশন বাংলাদেশ,
_c১৯৮৬
300 _a৪৩৪ পৃ. ;
_c২১ সেমি.
500 _aনির্ঘন্ট সংযুক্ত
650 _vজীবনী
_9148449
650 _aPolitical party
_vBiography
_9148450
942 _2ddc
_cBK
999 _c71618
_d71618